000 00584cam a2200217 4500
001 J1971
008 090401t1993 xxu||||| |||| 00| 0 eng d
035 _a(Sirsi) u46555
041 _aeng
050 _a711.73
110 _aKnight Frank and Rutley
_91990
245 4 _aThe M25 office floorspace survey. - Quarter 1 1993 - Quarter 4 1993
260 _aLondon
_bKnight Frank and Rutley
_c1993
300 _a4 pt. ; 30cm.
350 _a0
650 _aFLOORSPACE STATISTICS
650 _aOFFICES
690 _aPROPERTY-COMMERCIAL PROPERTY
942 _n0
948 _c04/03/1997
999 _c91942
_d91942